Dogs (Record no. 118801)

MARC details
000 -LÍDER
campo de controle de tamanho fixo 00557 a2200217 4500
001 - NÚMERO DE CONTROLE
campo de controle 118801
020 ## - ISBN - INTERNATIONAL STANDARD BOOK NUMBER
ISBN - International Standard Book Number 9780230010185
020 ## - ISBN - INTERNATIONAL STANDARD BOOK NUMBER
Informação qualificadora (Broch.)
041 ## - CÓDIGO DE IDIOMA
Código do idioma do texto/trilha sonora ou título diferente eng
082 ## - CDD - CLASSIFICAÇÃO DECIMAL DE DEWEY
Número de Classificação [E]
040 ## - FONTE DA CATALOGAÇÃO
Instituição da catalogação original BR-BrIDEA
Instituição que transcreveu o registro BR-BrIDEA
090 ## - NÚMERO DE CHAMADA LOCAL
Número de chamada (OCLC) (R); Número de chamada, CALL (RLIN) (NR) A Year 1 [E]
Número Cutter local (OCLC); Número de classificação do livro, CALL (RLIN) SHI
100 ## - ENTRADA PRINCIPAL--NOME PESSOAL
Nome pessoal Shipton, Paul
245 10 - TÍTULO
Título Dogs
Restante do título the big show
Indicação de responsabilidade, etc. Paul Shipton; illustrated by Andy Hammond, Red Giraffe
260 ## - PUBLICAÇÃO, DISTRIBUIÇÃO, ETC.
Local de publicação, distribuição, etc. Oxford
Nome do editor, distribuidor, etc. Macmillan Children's Readers
Data da publicação, distribuição, etc. 2011
300 ## - DESCRIÇÃO FÍSICA
Extensão 23 p.
Outros detalhes físicos il. color
521 ## - NOTA DO PÚBLICO ALVO
Nota de público alvo Year 1
697 ## - ENTRADA DE ASSUNTO LOCAL--ENTIDADE COLETIVA (RLIN)
Nome corporativo ou nome da jurisdição Level 4
856 ## - LOCALIZAÇÃO ELETRÔNICA E ACESSO
Uniform Resource Identifier <a href="000032/00003275.jpg">000032/00003275.jpg</a>
942 ## - ELEMENTOS DE ENTRADA ADICIONADOS (KOHA)
Tipo de material Koha Livros
Holdings
Situação do descarte Situação das perdas Fonte da classificação ou esquema de arquivamento na estante Situação física Não pode ser emprestado Biblioteca de origem Biblioteca atual Data de aquisição Total de empréstimos Número de chamada completo Código de barras Data de último acesso Data do preço efetivo Tipo de material Koha
    Classificação Decimal de Dewey     ECB - ÁGUAS CLARAS ECB - ÁGUAS CLARAS 19/10/2022   A Year 1 [E] SHI 00059292AGC 23/01/2024 23/01/2024 Livros
    Classificação Decimal de Dewey     ECB - ÁGUAS CLARAS ECB - ÁGUAS CLARAS 19/10/2022   A Year 1 [E] SHI 00059288AGC 23/01/2024 23/01/2024 Livros
    Classificação Decimal de Dewey     ECB - ÁGUAS CLARAS ECB - ÁGUAS CLARAS 19/10/2022   A Year 1 [E] SHI 00059289AGC 23/01/2024 23/01/2024 Livros
    Classificação Decimal de Dewey     ECB - ÁGUAS CLARAS ECB - ÁGUAS CLARAS 19/10/2022   A Year 1 [E] SHI 00059290AGC 23/01/2024 23/01/2024 Livros
    Classificação Decimal de Dewey     ECB - ÁGUAS CLARAS ECB - ÁGUAS CLARAS 19/10/2022   A Year 1 [E] SHI 00059291AGC 23/01/2024 23/01/2024 Livros